Представление документа в формате MARC21

Поле Инд. ПП Название Значение
Тип записи a
Библиографический уровень b
001 Контрольный номер RU/IS/BASE/117045742
005 Дата корректировки 20200630193155.3
084 a Индекс другой классификации/Индекс ББК 88.415; 88.923
100 1_ a Автор Емельянова Е. В.
245 a Заглавие Психологический тренинг для подростков как метод привлечения к услугам телефона доверия
520 a Аннотация Психологический тренинг для подростков "Я и Телефон Доверия". Упражнение "Что такое психологическая проблема?". Упражнение "Что мешает мне обратиться к психологу?". Упражнение "Как подготовиться к консультации у психолога?". Упражнение "Как начать разговор у психолога?". Приводится наглядное приложение к тренингу.
650 a Основная рубрика возрастная психология
a Основная рубрика детская психология
a Основная рубрика практическая психология (прикладная психология)
a Основная рубрика психологическое консультирование
a Основная рубрика психология
653 a Ключевые слова "Телефон доверия"
a Ключевые слова диагностико-коррекционные технологии
a Ключевые слова консультативная психология
a Ключевые слова педагогическая психология
a Ключевые слова подростки
a Ключевые слова психологическая помощь
a Ключевые слова психологические проблемы
a Ключевые слова психологический тренинг
a Ключевые слова психология общения
a Ключевые слова психосоциальные технологии
a Ключевые слова социальная психология
773 t Заглавие источника Вестник психосоциальной и коррекционно-реабилитационной работы
d Дата издания источника 2003
g Прочая информация № 1. - С. 12 - 25
w Контрольный № источника RU/IS/BASE/102006268
901 t Тип документа b